<?xml version="1.0" encoding="UTF-8"?>
<collection xmlns="http://www.loc.gov/MARC21/slim">
 <record>
  <leader>00673cam a2200193 7i4500</leader>
  <controlfield tag="001">0000058930</controlfield>
  <controlfield tag="005">20080910090000.0</controlfield>
  <controlfield tag="008">080910s2006                        eng   </controlfield>
  <datafield tag="020" ind1="#" ind2="#">
   <subfield code="a">3540012982 </subfield>
  </datafield>
  <datafield tag="020" ind1="#" ind2="#">
   <subfield code="a">9783540012986 </subfield>
  </datafield>
  <datafield tag="090" ind1="0" ind2="0">
   <subfield code="a">QD 878 </subfield>
   <subfield code="b">.A7 2006</subfield>
  </datafield>
  <datafield tag="100" ind1="1" ind2="#">
   <subfield code="a">Ariga, Katsuhiko, </subfield>
   <subfield code="d">1962- </subfield>
  </datafield>
  <datafield tag="245" ind1="1" ind2="0">
   <subfield code="a">Supramolecular chemistry : </subfield>
   <subfield code="b">fundamentals and applications : advanced textbook  </subfield>
   <subfield code="c">Katsuhiko Ariga, Toyoki Kunitake.</subfield>
  </datafield>
  <datafield tag="260" ind1="#" ind2="#">
   <subfield code="a">Heidelberg: </subfield>
   <subfield code="b">Springer, </subfield>
   <subfield code="c">2006.</subfield>
  </datafield>
  <datafield tag="300" ind1="#" ind2="#">
   <subfield code="a">ix, 208 p.: </subfield>
   <subfield code="b">ill.; </subfield>
   <subfield code="c">24 cm..</subfield>
  </datafield>
  <datafield tag="650" ind1="0" ind2="0">
   <subfield code="a">Supramolecular chemistry </subfield>
  </datafield>
  <datafield tag="650" ind1="0" ind2="0">
   <subfield code="a">Macromolecules </subfield>
  </datafield>
  <datafield tag="700" ind1="1" ind2="1">
   <subfield code="a">Kunitake, Toyoki(</subfield>
   <subfield code="d">1936-) </subfield>
  </datafield>
  <datafield tag="999" ind1=" " ind2=" ">
   <subfield code="a">1100055658</subfield>
   <subfield code="b">Book</subfield>
   <subfield code="c">Open Shelf</subfield>
   <subfield code="e">KOLEKSI TERBUKA</subfield>
  </datafield>
 </record>
</collection>
